00378nam a2200145Ia 4500008004100000020001500041041001200056082001600068100001800084245006900102260002500171300000800196650001500204700001300219221030s9999 xx 000 0 und d a0074515373 aEnglish a105.23bBas aG. Basavaraju 0aPhysics : Mechanics & Thermodynamicscby G. Basavaraju, D. Ghosh bTMHaNew Delhic1999 a482 aMechanical aD. Ghosh